Movies Quiz

Random Movies or Actor Quiz

James Corden's Movies Quiz Stats

 Plays Quiz not verified by Sporcle

Support Sporcle.
Go Orange.
Score 0/29 Timer 15:00
0 Plays Today
Year Answer % Correct
2014Into the Woods
80.5%
2019Cats
78%
2018Peter Rabbit
73.2%
2016Trolls
70.7%
2017The Emoji Movie
68.3%
2020Trolls: World Tour
56.1%
2021Peter Rabbit 2: The Runaway
48.8%
2018Smallfoot
46.3%
2009Planet 51
34.1%
2019Yesterday
31.7%
2006The History Boys
26.8%
2010Gulliver's Travels
24.4%
2018Ocean's Eight
24.4%
2010Animals United
19.5%
2013One Chance
19.5%
Year Answer % Correct
2009Vampire Killers
14.6%
2006Starter for 10
9.8%
2011The Three Musketeers
9.8%
2013Begin Again
9.8%
2015Kill Your Friends
9.8%
2002All or Nothing
7.3%
1997TwentyFourSeven
4.9%
2008Telstar: The Joe Meek Story
4.9%
1999Whatever Happened to Harold Smith?
2.4%
2002Heartlands
2.4%
2005Pierrepoint: The Last Hangman
2.4%
2006Heroes and Villains
2.4%
2011National Theatre Live: One Man, Two Guvnors
2.4%
2015The Lady and the Van
2.4%

You're not logged in!

Compare scores with friends on all Sporcle quizzes.
OR
Log In

From the Vault

NFL MVP Voting (2000s)

by mirage88

Even though it's only 2013, it's kind of amazing that any of these guys are still playing.
Remove Ads.
Support Sporcle.
Get the best of Sporcle when you Go Orange. This ad-free experience offers more features, more stats, and more fun while also helping to support Sporcle. Thank you for becoming a member.

Show Comments

Extras

Top Quizzes Today


Score Distribution

Your Account Isn't Verified!

In order to create a playlist on Sporcle, you need to verify the email address you used during registration. Go to your Sporcle Settings to finish the process.

Report this User

Report this user for behavior that violates our Community Guidelines.

Details: